Comunidad, carácter y civilización

Enregistré dans:
Détails bibliographiques
Auteur principal: Martindale, Don (autor)
Format: Livre
Langue:espagnol
Publié: Buenos Aires Paidós 1969
Collection:Biblioteca de Psicología Social y Sociología. Serie Mayor, 37
Sujets:
Tags: Ajouter un tag
Pas de tags, Soyez le premier à ajouter un tag!

MARC

LEADER 00000nam a2200000 a 4500
001 UCT6060
003 CL-VaPUC
008 961230e19690000AG |||||||||||||||||spa|d
082 0 4 |a 301  |b MAR  |2 21 
100 |a Martindale, Don  |e autor  |9 413569 
245 1 0 |a Comunidad, carácter y civilización 
300 |a 422 p 
942 |c BK 
945 |d 19961230 00:00:00  |a rleighto 
260 |a Buenos Aires  |b Paidós  |c 1969 
650 7 |a CONDUCTISMO SOCIAL  |2 CL-VaPUC  |9 375801 
650 0 |a Sociología   |9 255410 
650 7 |a ESTRUCTURA SOCIAL  |2 CL-VaPUC  |9 375802 
650 7 |a CARACTER NACIONAL  |2 CL-VaPUC  |9 338170 
650 0 |a Cultura  |9 269059 
583 |a last modification  |c 19961230 00:00:00  |k Rodrigo Vera 
490 0 |a Biblioteca de Psicología Social y Sociología. Serie Mayor, 37 
999 |c 254793  |d 254791 
952 |0 0  |1 0  |4 0  |6 301_000000000000000_MAR_1969  |7 0  |8 P  |9 276676  |a BIBENE  |b BIBENE  |d 2019-11-19  |i 3264734  |o 301 MAR 1969  |p 3264734  |r 2025-01-15  |w 2019-11-19  |y BK  |k ICO 
952 |0 0  |1 0  |4 0  |6 301_000000000000000_MAR_1969  |7 0  |8 A  |9 276677  |a FDOPOS  |b FDOPOS  |d 2019-11-19  |i 4269640  |o 301 MAR 1969  |p 4269640  |r 2025-01-22  |w 2019-11-19  |y BK  |k MLA